000 00582nam a22001817a 4500
003 0
005 20250109130545.0
008 250109b xxu||||| |||| 00| 0 eng d
020 _a978-1-77469-387-2
050 _aQ 121
_b.En53 2023
245 _aEncyclopedia of science and technology /
_cedited by Ramesh Chandra.
260 _aBurlington, ON :
_bArcler Press,
_c2023.
300 _axxii, 386 p. :
_bcol. ill. ;
_c24 cm.
504 _aIncludes bibliographical references and index.
650 _aScience
_vEncyclopedias.
650 _aTechnology
_vEncyclopedias.
942 _2lcc
_cBK
999 _c366954
_d366954